Stazioni ferroviarie di Bologna - Statistics

General Stats
  • This quiz has been taken 23 times
  • The average score is 10 of 19
Answer Stats
Linea ferroviaria Gestore della linea Nome della stazione % Correct
Multiple linee RFI Bologna Centrale
100%
Bologna - Pistoia e Bologna - Vignola RFI Bologna Borgo Panigale
73%
Bologna - Firenze e Bologna - Rimini RFI Bologna San Vitale
73%
Bologna - Padova RFI Bologna Corticella
67%
Bologna - Firenze RFI Bologna Mazzini
67%
Bologna - Portomaggiore FER Bologna Rimesse
60%
Bologna - Pistoia RFI Casalecchio di Reno
60%
Bologna - Portomaggiore FER Bologna Zanolini
53%
Bologna - Pistoia e Bologna - Vignola RFI Bologna Casteldebole
47%
Bologna - Firenze RFI Bologna San Ruffillo
47%
Bologna - Portomaggiore FER Bologna Via Larga
47%
Bologna - Portomaggiore FER Bologna Roveri
40%
Bologna - Portomaggiore FER Bologna Santa Rita
40%
Bologna - Vignola FER Casalecchio Palasport
40%
Bologna - Rimini RFI San Lazzaro di Savena
40%
Bologna - Vignola FER Casalecchio Ceretolo
33%
Bologna - Pistoia e Bologna - Vignola RFI Casalecchio Garibaldi
33%
Bologna - Portomaggiore FER Cà dell'Orbo
20%
Bologna - Firenze RFI Rastignano
20%
No matching quizzes found
Score Distribution
Percent of People with Each Score
Percentile by Number Answered
Your Score History
You have not taken this quiz